Die 235 beliebtesten ♂ ♀ Vornamen in Schweden - Statistiken

Allgemein
  • Dieses Quiz wurde 50 mal gespielt
  • Das Durchschnittsergebnis liegt bei 43 aus 237
Antwortstatistiken
♀ / ♂ Name % Korrekt
Jungen - - > | Mädchen - - > ⤵️
100%
K4 Karl
64%
E4 Emma
59%
J4 John
57%
L2 Lo
57%
E4 Emil
55%
N4 Nils
52%
E4 Ella
50%
G6 Gustav
50%
E4 Erik
48%
A3 Ali
45%
L3 Leo
45%
C4 Carl
43%
H5 Hanna
43%
I3 Ida
43%
J5 Julia
43%
A6 Astrid
41%
B2 Bo
41%
L4 Lars
41%
S4 Sara
41%
A4 Alma
39%
L4 Leon
39%
M5 Maria
39%
M4 Mila
39%
S5 Sofia
39%
E4 Elin
36%
E5 Ellen
36%
L6 Linnea
36%
L4 Luna
36%
N4 Noel
36%
O4 Olle
36%
E5 Elias
34%
E4 Elis
34%
E6 Emilia
34%
N4 Noah
34%
O6 Olivia
34%
O5 Oscar
34%
T4 Theo
34%
L5 Lilly
32%
L5 Lucas
32%
N4 Nora
32%
S3 Sam
32%
V4 Vera
32%
B5 Björn
30%
E4 Elsa
30%
H5 Henry
30%
I8 Isabelle
30%
L5 Laura
30%
M4 Maja
30%
T4 Thea
30%
A9 Alexander
27%
A6 Alfred
27%
A4 Alva
27%
C5 Clara
27%
F5 Felix
27%
J7 Johanna
27%
K5 Karin
27%
L4 Liam
27%
R5 Ronja
27%
S6 Stella
27%
V6 Viktor
27%
A4 Adam
25%
B8 Benjamin
25%
B5 Britt
25%
I6 Ingrid
25%
J4 Jack
25%
L4 Leah
25%
L3 Liv
25%
S6 Samuel
25%
S5 Selma
25%
W7 Wilhelm
25%
W7 William
25%
W5 Wilma
25%
Z3 Zoe
25%
I8 Isabella
23%
J6 Julian
23%
O6 Oliver
23%
O4 Otto
23%
P3 Per
23%
A5 Agnes
20%
A5 Alice
20%
A6 Amelia
20%
F5 Filip
20%
I4 Ines
20%
J4 Joel
20%
J5 Josef
20%
L5 Leona
20%
M5 Märta
20%
M6 Matteo
20%
M3 Max
20%
M4 Mira
20%
M8 Mohammed
20%
A5 Alina
18%
A4 Aron
18%
H4 Hugo
18%
L5 Lovis
18%
M5 Malin
18%
M5 Malte
18%
M6 Melina
18%
R3 Rut
18%
S5 Stina
18%
S4 Svea
18%
V7 Vincent
18%
E4 Ebba
16%
F5 Freja
16%
G7 Gabriel
16%
J5 Jacob
16%
K8 Kristina
16%
L4 Levi
16%
L5 Livia
16%
C6 Celine
14%
C4 Cleo
14%
E5 Elise
14%
E5 Ester
14%
F5 Frank
14%
H5 Harry
14%
H5 Hedda
14%
H5 Hilda
14%
I5 Inger
14%
K7 Kerstin
14%
L4 Leif
14%
L7 Lennart
14%
M2 My
14%
N6 Nellie
14%
T7 Theodor
14%
A5 Albin
11%
A6 Alicia
11%
A4 Amir
11%
A5 Arvid
11%
A4 Ayla
11%
E5 Ellie
11%
E5 Elsie
11%
G6 Gunnar
11%
I4 Iris
11%
L6 Ludvig
11%
M7 Melissa
11%
M4 Milo
11%
S4 Saga
11%
U3 Ulf
11%
V5 Viola
11%
A3 Ake
9%
A4 Alba
9%
A5 Anita
9%
A6 August
9%
A4 Axel
9%
B5 Bengt
9%
B4 Bill
9%
C7 Charlie
9%
E5 Edvin
9%
E6 Elvira
9%
G7 Gunilla
9%
I4 Isak
9%
M9 Margareta
9%
M5 Molly
9%
O4 Omar
9%
S5 Sally
9%
S5 Signe
9%
V5 Viggo
9%
A6 Adrian
7%
A5 Allan
7%
B6 Barbro
7%
D5 Dante
7%
E5 Edith
7%
E4 Eira
7%
F5 Folke
7%
F7 Fredrik
7%
H6 Hailey
7%
J7 Jasmine
7%
J4 Juni
7%
L4 Leia
7%
M6 Majken
7%
N4 Nova
7%
O4 Olof
7%
S5 Sigge
7%
S6 Sixten
7%
T4 Tyra
7%
U4 Ulla
7%
A5 Algot
5%
B8 Birgitta
5%
B6 Bonnie
5%
C6 Casper
5%
E4 Ebbe
5%
E6 Elliot
5%
E5 Elton
5%
E5 Elvin
5%
F7 Felicia
5%
H6 Hedvig
5%
H5 Hilma
5%
I4 Idun
5%
I4 Ilse
5%
I4 Ivar
5%
K4 Kian
5%
L4 Loke
5%
L5 Louie
5%
L4 Lova
5%
L4 Love
5%
L6 Lovisa
5%
L5 Lykke
5%
M6 Melvin
5%
M6 Millie
5%
O4 Otis
5%
S6 Sigrid
5%
S4 Siri
5%
T4 Tage
5%
V6 Valter
5%
V5 Vidar
5%
A4 Alve
2%
A5 Alvin
2%
A5 Aston
2%
C5 Colin
2%
F7 Filippa
2%
F5 Frans
2%
H7 Hjalmar
2%
I8 Ingeborg
2%
I7 Ingemar
2%
J5 Jenny
2%
J6 Joline
2%
K5 Kjell
2%
M6 Maryam
2%
M4 Meja
2%
M6 Melker
2%
M6 Milton
2%
N8 Nicholas
2%
R5 Rayan
2%
T3 Ted
2%
T4 Tuva
2%
U6 Ulrika
2%
V4 Vide
2%
V6 Vilgot
2%
W5 Wilda
2%
W6 Wilmer
2%
C7 Cecilia
0%
E7 Elisbet
0%
G5 Göran
0%
I8 Ingegerd
0%
T4 Ture
0%
Keine übereinstimmenden Quizze gefunden
Verteilung der Resultate
Anzahl Personen mit jedem Resultat
Perzentil nach korrekt beantworteten Fragen
Ihre Resultats-Entwicklung
Sie haben dieses Quiz noch nicht gespielt